000 00342nam a2200133Ia 4500
008 140626s9999 xx 000 0 und d
100 _aJackson, Henry
245 _aGlobal Skills Gap :
_b Oppurtunity to Excel /
_cHenry Jackson.
260 _cc2012.
300 _a57 : 11, page 10
440 _aHR Magazine
521 _aBSBA
942 _cSE
999 _c121490
_d121490